Panel reneszánsz fesztivál
Elmentve itt :
| Dokumentumtípus: | Cikk |
|---|---|
| Megjelent: |
2009-04-20
|
| Sorozat: | Délmagyarország
99 No. 92 |
| Kulcsszavak: | Szeged, Panel Reneszánsz Felvonulás, Lakótelep Szeged - Északváros, Eseménynaptár Szeged 2009. 04. |
| Online Access: | http://dmarchiv.bibl.u-szeged.hu/141550 |
| LEADER | 00489nab a2200145 i 4500 | ||
|---|---|---|---|
| 001 | delm141550 | ||
| 005 | 20200207120513.0 | ||
| 008 | 200207s2009 hu o 0|| hun d | ||
| 040 | |a SZTE Délmagyarország Archívum |b hun | ||
| 041 | |a hun | ||
| 245 | 0 | 0 | |a Panel reneszánsz fesztivál |h [elektronikus dokumentum] |
| 260 | |c 2009-04-20 | ||
| 300 | |a 5 | ||
| 490 | 0 | |a Délmagyarország |v 99 No. 92 | |
| 695 | |a Szeged, Panel Reneszánsz Felvonulás, Lakótelep Szeged - Északváros, Eseménynaptár Szeged 2009. 04. | ||